000 01728cam a2200409 i 4500
001 3576037
003 EG-ScBUE
005 20250525121735.0
008 990326t1999 nyua f 001 0 eng d
020 _a0070311188 (pbk.)
020 _a9780070311183
035 _a(DLC) 99028256
040 _aEG-ScBUE
_beng
_erda
_cEG-ScBUE
_dEG-ScBUE
082 0 4 _a532.05076
_bHUG
_222
100 1 _aHughes, William F.‏
_q(William Frank),‏
_d1930-
_941274
_eauthor.
245 1 0 _aSchaum's outline of theory and problems of fluid dynamics /
_cWilliam F. Hughes, PH.D., professor emeritus of mechanical engineering, Carnegie-Mellon University, John A. Brighton, Ph.D., University Professor and Professor of Mechanical Engineering, Pennsylvania State University.
246 3 0 _aTheory and problems of fluid dynamics
246 3 0 _aFluid dynamics
250 _aThird edition.
264 1 _aNew York :
_bMcGraw Hill,
_c[1999]
264 4 _cc1999
300 _aviii, 391 pages :
_billustrations ;
_c28 cm.
336 _2rdacontent
_atext
_btxt
337 _aunmediated
_2rdamedia
_bn
338 _avolume
_bnc
_2rdacarrier
490 0 _aSchaum’s outline series
500 _aIncludes index.
500 _aIncludes appendix.
650 7 _aFluid dynamics
_vProblems, exercises, etc.
_2BUEsh
_941275
653 _bENGELC
_cSeptember2016
655 _vReading book
_934232
700 1 _aBrighton, John A.,
_941276
_eauthor.
856 4 2 _3Contributor biographical information
_uhttp://www.loc.gov/catdir/bios/mh041/99028256.html
856 4 2 _3Publisher description
_uhttp://www.loc.gov/catdir/description/mh023/99028256.html
856 4 1 _3Table of contents
_uhttp://www.loc.gov/catdir/toc/mh023/99028256.html
942 _2ddc
_cBB
999 _c22429
_d22401